00173nam a2200073Ia 4500008004100000100001300041245002400054260002100078170617s9999 xx 000 0 und d aJain-N.C 0aComputer for Nurses bKumar Publishing